| 000 | 01159cam a2200289 i 4500 | ||
|---|---|---|---|
| 003 | SA-RiAUC | ||
| 005 | 20240924134553.0 | ||
| 008 | 240921s1994 su g b 000r0 ara c | ||
| 020 | _a9960907406 | ||
| 040 |
_aSA-RiAUC _bara _cSA-RiAUC _erda |
||
| 082 | 0 | 4 | _a252.3 |
| 090 |
_a252.3 _bب ا ش |
||
| 100 | 1 |
_aباشا، حسان شمسي، _d1951- _eمؤلف. |
|
| 245 | 1 | 2 |
_aالدليل الطبي والفقهي للمريض في شهر الصيام / _cحسان شمسي باشا. |
| 264 | 1 |
_aجدة، السعودية : _bمكتبة السوادي للتوزيع، _c[1994] |
|
| 300 |
_a228 صفحة ؛ _c24 سم |
||
| 336 |
_aنص _btxt _2rdacontent _3كتاب |
||
| 337 |
_aبدون وسيط _bn _2rdamedia |
||
| 338 |
_aمجلد _bnc _2rdacarrier |
||
| 500 | _aأعلى صفحة العنوان : من يصوم ومن يفطر في رمضان. | ||
| 504 | _aببليوجرافية : صفحة 205-218. | ||
| 650 | 7 |
_aالصوم (إسلام) _2aucsh |
|
| 650 | 7 |
_aالصوم (إسلام) _xجوانب صحية _2aucsh |
|
| 650 | 7 |
_aالعبادات (فقه إسلامي) _2aucsh |
|
| 942 |
_2ddc _cBOOK _n0 |
||
| 949 |
_aSA-JeALM _d240921 _umohamedma123 _n1 |
||
| 999 |
_c538 _d538 |
||